Material selection in mechanical design (Record no. 141204)

MARC details
000 -LEADER
fixed length control field 00393nam a2200157Ia 4500
008 - FIXED-LENGTH DATA ELEMENTS--GENERAL INFORMATION
fixed length control field 230917s9999||||xx |||||||||||||| ||und||
040 ## - CATALOGING SOURCE
-- 115104
Original cataloging agency VIVEKANANDA LIBRARY
041 ## - Language
-- English
082 ## - DDC NUMBER
Classification number 620.11 A34M
100 ## - MAIN ENTRY--PERSONAL NAME
Personal name Ashby, Michael F
245 #0 - TITLE STATEMENT
Title Material selection in mechanical design
250 ## - EDITION STATEMENT
Edition statement 3rd ed.
260 ## - PUBLICATION, DISTRIBUTION, ETC. (IMPRINT)
Place of publication, distribution, etc New Delhi
Name of publisher, distributor, etc Elsevier
Date of publication, distribution, etc 2005
300 ## - PHYSICAL DESCRIPTION
Pages xiv, 603 p.
942 ## - ADDED ENTRY ELEMENTS (KOHA)
Koha item type Books
Holdings
Withdrawn status Lost status Damaged status Not for loan Location (home branch) Sublocation or collection (holding branch) Shelving location Date acquired Koha issues (times borrowed) Koha full call number Accession No. Koha date last seen Koha item type
        VIVEKANANDA LIBRARY VIVEKANANDA LIBRARY UIET Library 27/04/2008   620.11 A34M 246437 17/09/2023 Books
        VIVEKANANDA LIBRARY VIVEKANANDA LIBRARY UIET Library 27/04/2008   620.11 A34M 246438 17/09/2023 Books
        VIVEKANANDA LIBRARY VIVEKANANDA LIBRARY UIET Library 27/04/2008   620.11 A34M 246439 17/09/2023 Books
        VIVEKANANDA LIBRARY VIVEKANANDA LIBRARY UIET Library 27/04/2008   620.11 A34M 246440 17/09/2023 Books
        VIVEKANANDA LIBRARY VIVEKANANDA LIBRARY UIET Library 27/04/2008   620.11 A34M 246441 17/09/2023 Books
© Designed and Maintained by Vivekananda Library, MDU Rohtak